Farmer giles of ham : (Record no. 7618)
[ view plain ]
| 000 -LEADER | |
|---|---|
| fixed length control field | 00544nam a22001937a 4500 |
| 003 - CONTROL NUMBER IDENTIFIER | |
| control field | SISC |
| 005 - DATE AND TIME OF LATEST TRANSACTION | |
| control field | 20160318084748.0 |
| 008 - FIXED-LENGTH DATA ELEMENTS--GENERAL INFORMATION | |
| fixed length control field | 130724t xxu||||| |||| 00| 0 eng d |
| 050 ## - LIBRARY OF CONGRESS CALL NUMBER | |
| Classification number | PR 6039.O32 |
| Item number | .T649 1975 |
| 082 ## - DEWEY DECIMAL CLASSIFICATION NUMBER | |
| Classification number | CLA T58f |
| Item number | 1975 |
| 100 ## - MAIN ENTRY--PERSONAL NAME | |
| Personal name | Tolkien, J.R.R. |
| 9 (RLIN) | 3573 |
| 245 ## - TITLE STATEMENT | |
| Title | Farmer giles of ham : |
| Remainder of title | the adventures of Tom Bombadil / |
| Statement of responsibility, etc | J.R.R. Tolkien |
| 260 ## - PUBLICATION, DISTRIBUTION, ETC. (IMPRINT) | |
| Place of publication, distribution, etc | London : |
| Name of publisher, distributor, etc | Unwin Books, |
| Date of publication, distribution, etc | 1975. |
| 300 ## - PHYSICAL DESCRIPTION | |
| Extent | 144 p. |
| Dimensions | 20 cm. |
| 562 ## - COPY AND VERSION IDENTIFICATION NOTE | |
| Number of copies | 1 |
| 650 ## - SUBJECT ADDED ENTRY--TOPICAL TERM | |
| Topical term or geographic name as entry element | Adventure |
| General subdivision | Tom Bombadil |
| 9 (RLIN) | 3574 |
| 942 ## - ADDED ENTRY ELEMENTS (KOHA) | |
| Source of classification or shelving scheme | Library of Congress Classification |
| Koha item type | Books |
| Withdrawn status | Lost status | Source of classification or shelving scheme | Damaged status | Home library | Current library | Shelving location | Date acquired | Total Checkouts | Total Renewals | Full call number | Barcode | Date last seen | Date checked out | Copy number | Price effective from | Koha item type |
|---|---|---|---|---|---|---|---|---|---|---|---|---|---|---|---|---|
| Library of Congress Classification | Luxembourg Library | Luxembourg Library | Classic Section | 07/24/2013 | 1 | 3 | PR 6039.O32 .T649 1975 | 9481 | 08/12/2016 | 07/04/2014 | 1 | 07/24/2013 | Books |